Entry Nombre personal
001 - NÚMERO DE CONTROL
- campo de control: 241506
003 - IDENTIFICADOR DE NÚMERO DE CONTROL
- campo de control: SpMaBN
005 - FECHA Y HORA DE LA ÚLTIMA TRANSACCIÓN
- campo de control: 20250801131150.0
008 - ELEMENTOS DE DATO DE LONGITUD-FIJA
- campo de control de longitud fija: 901120nn aijnnaabn a aaa
016 ## - NÚMERO DE CONTROL DE UNA AGENCIA BIBLIOGRÁFICA NACIONAL
- Número de control del registro: BNE19900176947
024 7# - IDENTIFICADOR DE OTROS ESTÁNDARES
- Número estándar o código: http://viaf.org/viaf/44299576/
- Fuente: viaf
024 8# - IDENTIFICADOR DE OTROS ESTÁNDARES
- Número estándar o código: https://data.cervantesvirtual.com/person/73803
024 7# - IDENTIFICADOR DE OTROS ESTÁNDARES
- Número estándar o código: https://isni.org/isni/0000000122790742
- Fuente: isni
024 7# - IDENTIFICADOR DE OTROS ESTÁNDARES
- Número estándar o código: http://www.wikidata.org/entity/Q83003
- Fuente: wikidata
040 ## - FUENTE DE CATALOGACIÓN
- Centro catalogador/agencia de origen: SpMaBN
- Lengua de catalogación: spa
- Centro/agencia transcriptor: SpMaBN
- Normas de descripción: rdc
- Convención/Normas de encabezamiento de materia/tesauro: embne
046 ## - FECHAS CON CODIFICACIÓN ESPECIAL
- Fecha de nacimiento: 1891
- Fecha de la muerte: 1937
100 1# - ENCABEZAMIENTO-NOMBRE DE PERSONA
- Nombre de persona: Gramsci, Antonio,
- Fechas asociadas al nombre: 1891-1937
370 ## - LUGAR ASOCIADO
- Lugar de nacimiento: Ales
- Fuente de información: Wikidata
372 ## - CAMPO DE ACTIVIDAD
- Campo de actividad: Filósofos
- Fuente de información: Wikidata
374 ## - OCUPACIÓN
- Ocupación: Críticos literarios
- Ocupación: Economistas
- Ocupación: Escritores
- Ocupación: Periodistas
- Ocupación: Politicos
- Ocupación: Filósofos
- Fuente de información: Wikidata
375 ## - GÉNERO/SEXO
- Género: Masculino
- Fuente de información: Wikidata
377 ## - IDIOMA ASOCIADO
- Término de lengua/lenguaje: Italiano
400 1# - TRAZADO DE VÉASE--NOMBRE DE PERSONA
- Nombre de persona: Gramsci, A.
- Fechas asociadas al nombre: 1891-1937
670 ## - FUENTE DE DATOS ENCONTRADOS
- Cita de la fuente: La política y el estado moderno, 1992
- Información encontrada: port. (Antonio Gramsci)
670 ## - FUENTE DE DATOS ENCONTRADOS
- Cita de la fuente: Dic. de escritores célebres, 1995
- Información encontrada: (Gramsci, Antonio; político y pensador italiano (Ales, Cagliari, 1891-Roma, 1937))
